000 00550nam a2200205Ia 4500
005 20250326144519.0
008 250326s9999 xx 000 0 und d
020 _a81-8281-089-2
037 _aTextbook
040 _aFMSL
_beng
_cFMSL
041 _aeng
_2eng
084 _aX:75 M5;N7
_qFMSL
100 _aJhingan M L
245 0 _aEconomics of development and planning
_cJhingan M L
260 _aNew Delhi
_bNew Delhi, Vrinda
_c1997
300 _a689p
365 _b250
942 _cTB
_hX:75 M5;N7
999 _c1303993
_d1303993